000 01622nam a22004217a 4500
001 000105272
003 CHAP
005 20220329143755.0
008 110805s2011 mx r 00010 spa d
010 _a101734
011 _a102706
035 _a113395
040 _cCHAP
090 _aTesis
100 1 _aHernández Miguel, Ángel.
_954344
245 1 0 _aCaracterización de diecisiete variedades de fruto de durazno (Prunus Persica L. bastch)
_h[En línea]
_c/por Angel Hernández Miguel.
260 _aChapingo, Méx. :
_bEl autor,
_c2011.
500 _aPara ver el contenido del material haga clic en la liga
502 _aTesis (Ing. Agroindustrial) -- UACH. Departamento de Ingeniería Agroindustrial
590 _aALEPH
_b10
_c20130110
_lUCH01
_h1541
590 _aBATCH-UPD
_b10
_c20130110
_lUCH01
_h1541
590 _aBATCH-UPD
_b10
_c20130410
_lUCH01
_h0943
590 _aBATCH-UPD
_b10
_c20130914
_lUCH01
_h1123
590 _aBATCH-UPD
_b10
_c20140324
_lUCH01
_h1526
590 _aBATCH-UPD
_b10
_c20141002
_lUCH01
_h0850
590 _aCONVERSION
_b10
_c20130109
_lUCH01
_h1356
590 _aE11695DGD
_b10
_c20141006
_lUCH01
_h1114
650 1 4 _aCultivos
_zMéxico (Edo.).
_930364
650 1 4 _aDurazno
_xFisiología y morfología.
_934599
650 1 4 _aDurazno
_xVariedades.
_934631
650 1 4 _aPrunus persica.
_992544
856 _3Finding aid
_uhttp://10.13.5.2/tesis/113395.pdf
_zTeclea aqui
901 _aBK
942 _cFOLL
942 _n0
949 _aTesis
_bBC
_cTES
_d33724002244603
_eTS2
_fc.2
_gDonaciØn
_h52549
_i113395
_st
949 _aTesis
_bBC
_cTES
_d33724002244644
_eTS1
_gDonaciØn
_h52548
_i113395
_st
999 _c101734
_d101734